000 00860nam a22002777a 4500
003 CHAP
005 20220329141744.0
008 971013c19581950 r 00010 d
010 _a73372
011 _a74344
035 _a83903
040 _cCHAP
082 _a631.2
_bB37
100 0 0 _aBarre, Henry John.
_910352
245 _aFarm structures
260 _aNew York :
_bWiley,
_c1958 (c.1950)
300 _a650 p.
_b: ilus.
590 _aBATCH-UPD
_b10
_c20130110
_lUCH01
_h1500
590 _aCONVERSION
_b10
_c20130109
_lUCH01
_h1340
650 1 4 _aConstrucciones rurales.
_927378
901 _aBK
942 _cLIBRO
949 _a631.2 B37
_bBC
_cLIBRO
_d33724000055893
_eLIBRO
_fc.3
_h51775
_i83903
_si
949 _a631.2 B37
_bBC
_cLIBRO
_d33724000055901
_eLIBRO
_fc.2
_h20647
_i83903
_si
949 _a631.2 B37
_bBC
_cLIBRO
_d33724000055919
_eLIBRO
_h51725
_i83903
_si
999 _c73372
_d73372